[Event "Munich op9192"]
[Site "Munich"]
[Date "1992.??.??"]
[Round "5"]
[White "Mathe, Gaspar"]
[Black "Lochte, Thomas"]
[Result "1-0"]
[WhiteElo "2390"]
[BlackElo "2245"]

1.e4 e6 2.d4 d5 3.Nd2 a6 4.Ngf3 c5 5.exd5 exd5 6.dxc5 Bxc5 7.Nb3 Ba7 8.Bd3 Qe7+
9.Qe2 Qxe2+ 10.Bxe2 Nf6 11.Nbd4 Nc6 12.Nxc6 bxc6 13.Ne5 Bb7 14.Ng4 Nxg4 15.Bxg4 O-O
16.O-O Rfe8 17.Bd2 Bc8 18.Bxc8 Raxc8 19.Rfe1 Bd4 20.Rab1 Rxe1+ 21.Bxe1 Rb8
22.b3 Kf8 23.Kf1 Ke7 24.Ke2 Kd6 25.Kd3 Be5 26.c4 Re8 27.cxd5 Kxd5 28.Bd2 Bd4
29.f3 c5 30.Rc1 Re6 31.Bc3 Bxc3 32.Rxc3 Re1 33.Rc2 Rd1+ 34.Kc3 f5 35.Kb2 g6
36.Ka3 Kd4 37.Ka4 Ke3 38.Ka5 Rd6 39.Rxc5 Rd2 40.a4 Rxg2 41.b4 Kxf3 42.Kxa6 Ra2
43.a5 Kg2 44.b5 f4 45.b6 f3 46.b7 Rb2 47.Ka7 f2 48.Rc1 Kxh2 49.b8=Q+ Rxb8
50.Kxb8 g5 51.Rf1 Kg2 52.Rxf2+ Kxf2 53.a6 g4 54.a7 h5 55.a8=Q g3 56.Qe4 g2
57.Qf4+ Kg1 58.Qg3 Kf1 59.Qf3+ Kg1 60.Qxh5 Kf2 61.Qh4+  1-0

[Event "Nassau-ch"]
[Site "Nassau"]
[Date "1992.??.??"]
[Round "9"]
[White "Josenhans, Daniel"]
[Black "Chipkin, Leonard"]
[Result "1-0"]
[WhiteElo "2265"]
[BlackElo "2235"]

1.e4 e6 2.d4 d5 3.Nd2 a6 4.Ngf3 c5 5.exd5 exd5 6.dxc5 Bxc5 7.Nb3 Bd6 8.c3 Ne7
9.Bd3 O-O 10.Qc2 Ng6 11.Be3 Nc6 12.O-O-O Bg4 13.h3 Bxf3 14.gxf3 Rc8 15.Bf5 Nb4
16.Qd2 Rc7 17.Bxg6 fxg6 18.Kb1 d4 19.Qxd4 Qc8 20.cxb4 Be7 21.Qe4 Bf6 22.Rc1 Qd8
23.Qe6+ Kh8 24.Rcd1 Qa8 25.h4 Re8 26.Qg4 b5 27.h5 Rc4 28.Qh3 Rh4 29.Qg3 Rxh1
30.Rxh1 Qd5 31.hxg6 Qd3+ 32.Ka1 Qe2 33.Rxh7+ Kg8 34.Rh8+ Kxh8 35.Qh3+ Kg8
36.Qh7+ Kf8 37.Bc5+  1-0

[Event "NOR-ch"]
[Site "?"]
[Date "1992.??.??"]
[Round "3"]
[White "Fossan, Petter"]
[Black "Gausel, Einar"]
[Result "1/2-1/2"]
[WhiteElo "2300"]
[BlackElo "2485"]

1.e4 e6 2.d4 d5 3.Nd2 Be7 4.Bd3 c5 5.dxc5 Nd7 6.exd5 exd5 7.Nb3 Nxc5 8.Nxc5 Bxc5
9.Nf3 Nf6 10.O-O O-O 11.Bg5 Qb6 12.Bxf6 Qxf6 13.c3 Bg4 14.h3 Be6 15.Nd4 Rfe8
16.Qd2 g6 17.Bb5 Re7 18.Rad1 a6 19.Be2 Bxd4 20.Qxd4 Qxd4 21.Rxd4 Bxh3 22.Bf3 Be6
23.Rfd1 Rae8 24.R1d2 Kf8 25.a3 h5 26.g3 b5 27.Bxd5 Bxd5 28.Rxd5 Re1+ 29.Kg2 R8e6
30.R5d4 R6e2 31.Rxe2 Rxe2 32.Rb4 Ke7 33.Kf3 Rc2 34.a4 bxa4 35.Rxa4 Rxb2 36.Rxa6 Rc2
37.Rc6 Kd7 38.Rc4 Kd6 39.Kg2 f6 40.Rc8  1/2-1/2

[Event "Nova Gorica (Women)"]
[Site "Nova Gorica"]
[Date "1992.??.??"]
[Round "?"]
[White "Licina, Anita"]
[Black "Grinfeld, Alla B"]
[Result "1/2-1/2"]
[WhiteElo "2070"]
[BlackElo "2230"]

1.e4 e6 2.d4 d5 3.Nd2 a6 4.Ngf3 c5 5.exd5 exd5 6.dxc5 Bxc5 7.Nb3 Ba7 8.Bg5 Qd6
9.Qd2 Nc6 10.O-O-O Nge7 11.Be3 O-O 12.Bxa7 Rxa7 13.Qe3 Ra8 14.Nfd4 Bd7 15.Nxc6 bxc6
16.Qc5 Qf6 17.Kb1 Rfb8 18.Qd4 Qd6 19.Qc5 Qf6 20.Qd4 Qd6 21.Qc5 Qf6  1/2-1/2

[Event "Oberwart op"]
[Site "Oberwart"]
[Date "1992.??.??"]
[Round "5"]
[White "Donchev, Dimitar I"]
[Black "Vodep, Otto"]
[Result "1-0"]
[WhiteElo "2495"]
[BlackElo "2265"]

1.e4 e6 2.d4 d5 3.Nd2 a6 4.Ngf3 c5 5.exd5 exd5 6.Be2 c4 7.O-O Nf6 8.Re1 Be7
9.b3 cxb3 10.axb3 O-O 11.Bd3 Nc6 12.c3 Bg4 13.Nf1 Bh5 14.Ng3 Bg6 15.Nf5 Re8
16.Ne5 Nxe5 17.Nxe7+ Qxe7 18.dxe5 Ne4 19.Ba3 Qxe5 20.f3 Rad8 21.Bf1 Qxc3
22.fxe4 dxe4 23.Qc1 Qxb3 24.Rb1 Qd5 25.Qc5 Qxc5+ 26.Bxc5 b5 27.Ra1 Re6 28.Be3 h6
29.Rec1 Rb8 30.Rc7 Ra8 31.Bxb5 a5 32.Be2 Re5 33.Ra7 Rxa7 34.Bxa7 Kh7 35.Bb6 Bf5
36.Rxa5 Rxa5 37.Bxa5 Be6 38.Kf2 f5 39.Ke3 g5 40.g3 Kg6 41.Kd4 Bd7 42.Ke5 h5
43.Bd2 Bc8 44.Bb5 h4 45.Be8+  1-0

[Event "Osasco"]
[Site "Osasco"]
[Date "1992.??.??"]
[Round "7"]
[White "Adla, Diego"]
[Black "Lehtivaara, Risto"]
[Result "1-0"]
[WhiteElo "2435"]
[BlackElo "2305"]

1.e4 e6 2.d4 d5 3.Nd2 Nc6 4.Ngf3 Nf6 5.e5 Nd7 6.Bb5 a6 7.Bxc6 bxc6 8.O-O c5
9.c3 cxd4 10.cxd4 c5 11.Re1 a5 12.Nf1 Be7 13.Ng3 O-O 14.dxc5 Nxc5 15.Nd4 f5
16.exf6 Bxf6 17.Be3 e5 18.Nc6 Qd6 19.Bxc5 Qxc5 20.Rc1 Qd6 21.Ne4 Qd7 22.Qxd5+ Qxd5
23.Nxf6+ gxf6 24.Ne7+ Kf7 25.Nxd5 Rd8 26.Rc7+ Ke6 27.Re7+ Kf5 28.Ne3+ Kg6
29.Rc1 Rb8 30.Rcc7 Rh8 31.Rg7+ Kh6 32.Rgf7 Rxb2 33.h4  1-0

[Event "Osijek"]
[Site "Osijek"]
[Date "1992.??.??"]
[Round "10"]
[White "Tolnai, Tibor"]
[Black "Kovacevic, Vlatko"]
[Result "1-0"]
[WhiteElo "2490"]
[BlackElo "2545"]

1.e4 e6 2.d4 d5 3.Nd2 Nc6 4.Ngf3 Nf6 5.e5 Nd7 6.Bb5 a5 7.c3 Na7 8.Bd3 c5
9.O-O Nc6 10.Re1 cxd4 11.cxd4 a4 12.Nf1 Be7 13.a3 Nb6 14.Be3 Bd7 15.Rc1 Na5
16.N3d2 h5 17.Qe2 Bc6 18.f4 g6 19.Bf2 Nc8 20.Rc2 Na7 21.Rec1 Qb6 22.Ne3 Bb5
23.Nd1 Qa6 24.Bxb5+ Qxb5 25.Qxb5+ Nxb5 26.Rc5 Bxc5 27.Rxc5 Nxa3 28.bxa3 Kd7
29.Rb5 Rhc8 30.Kf1 Rc1 31.Rb1 Rac8 32.Ke1 R8c2 33.Rb5 Nc4 34.Nxc4 dxc4 35.d5 exd5
36.Rxd5+ Ke6 37.Rd6+ Ke7 38.Bc5 Ke8 39.f5 gxf5 40.Be3 Ra1 41.Bg5 f6 42.exf6 Rxg2
43.Rd8+ Kf7 44.Rd7+ Ke6 45.Re7+ Kd5 46.f7 Rg1+ 47.Kf2  1-0

[Event "Oslo"]
[Site "Oslo"]
[Date "1992.??.??"]
[Round "9"]
[White "Tisdall, Jonathan D"]
[Black "Gausel, Einar"]
[Result "1/2-1/2"]
[WhiteElo "2455"]
[BlackElo "2445"]

1.e4 e6 2.d4 d5 3.Nd2 a6 4.Ngf3 c5 5.exd5 exd5 6.dxc5 Bxc5 7.Nb3 Bb6 8.Be2 Nf6
9.O-O O-O 10.Bg5 h6 11.Bxf6 Qxf6 12.c3 Re8 13.Qd2  1/2-1/2

[Event "Palma de Mallorca op"]
[Site "Palma de Mallorca"]
[Date "1992.??.??"]
[Round "8"]
[White "De la Villa Garcia, Jesus Maria"]
[Black "Topalov, Veselin"]
[Result "0-1"]
[WhiteElo "2450"]
[BlackElo "2460"]

1.e4 e6 2.d4 d5 3.Nd2 a6 4.Ngf3 c5 5.exd5 exd5 6.dxc5 Bxc5 7.Nb3 Bb6 8.Bg5 Ne7
9.Qd2 O-O 10.O-O-O Nbc6 11.h3 Re8 12.Be3 Bf5 13.Nfd4 Bg6 14.h4 Rc8 15.h5 Be4
16.f3 Nxd4 17.Nxd4 Bxd4 18.fxe4 Bxe3 19.Qxe3 Qc7 20.Bd3 Nf5 21.Qg5 Ng3 22.h6 Qe5
23.Qxe5 Rxe5 24.Rh3 Nxe4 25.Bxe4 dxe4 26.hxg7 Rg5 27.Rd2 Kxg7 28.Re3 Re8
29.g3 Re7 30.c4 h5 31.b4 f5 32.Rd4 Kf6 33.a4 Reg7 34.Rd6+ Ke5 35.Rd5+ Ke6
36.Rdd3 h4 37.gxh4 Rg1+ 38.Kb2 R7g2+ 39.Kc3 Ke5 40.Rd5+ Kf4 41.Rh3 Rc1+ 42.Kb3 Rb1+
43.Kc3 Rgb2 44.Kd4 Rxb4 45.h5 Rc1 46.Rc5 b5 47.axb5 axb5 48.Rxb5 Rbxc4+ 49.Kd5 R4c3
50.Rh2 R3c2 51.Rh3 Rd2+ 52.Ke6 Rc6+ 53.Ke7 Ra2 54.Rb7 Rh6 55.Rh1 Rh7+  0-1

[Event "Pardubice op"]
[Site "Pardubice"]
[Date "1992.??.??"]
[Round "1"]
[White "Shtyrenkov, Veniamen"]
[Black "Krouzel, Jaroslav"]
[Result "1-0"]
[WhiteElo "2460"]
[BlackElo "2270"]

1.e4 e6 2.d4 d5 3.Nd2 Nc6 4.Ngf3 Nf6 5.e5 Nd7 6.c4 dxc4 7.Nxc4 Nb6 8.Nxb6 axb6
9.a3 Bb4+ 10.Bd2 Bxd2+ 11.Qxd2 O-O 12.Bd3 Qd5 13.O-O Rd8 14.Rfd1 h6 15.Qc2 Qd7
16.Rac1 Qe7 17.Qe2 Bd7 18.Qe4 g6 19.Qe3 Kg7 20.Be4 Be8 21.Rd3 b5 22.b4 Ra6
23.h4 Rc8 24.Qf4 Nd8 25.Nh2 Bc6 26.Re1 Bxe4 27.Rxe4 Rca8 28.Ng4 Qxh4 29.Rh3 Qg5
30.Qf6+ Qxf6 31.exf6+ Kg8 32.Nxh6+ Kh7 33.Nf5+  1-0

[Event "Paris-ch"]
[Site "Paris"]
[Date "1992.??.??"]
[Round "3"]
[White "Boudre, Jean Pierre"]
[Black "Degraeve, Jean Marc"]
[Result "1-0"]
[WhiteElo "2380"]
[BlackElo "2470"]

1.e4 e6 2.d4 d5 3.Nd2 Nc6 4.Ngf3 Nf6 5.e5 Nd7 6.Be2 f6 7.exf6 Nxf6 8.O-O Bd6
9.c4 O-O 10.c5 Be7 11.Bb5 Bd7 12.Qe2 Qc8 13.Re1 Nd8 14.Bd3 a5 15.Ne5 b6 16.cxb6 c5
17.dxc5 Bxc5 18.Ndf3 Bxb6 19.Be3 Qb8 20.Bxb6 Qxb6 21.Rac1 Rb8 22.Nxd7 Nxd7
23.b3 Rf6 24.Qc2 Nf8 25.Ne5 Nf7 26.Nxf7 Rxf7 27.Qc5 Qd8 28.g3 Qf6 29.f4 Nd7
30.Qc3 e5 31.Qxa5 exf4 32.Qxd5 fxg3 33.Rf1 Qb6+ 34.Kg2 Nf6 35.Rxf6 Qxf6 36.Rf1 Qe7
37.Rxf7 Qxf7 38.Bxh7+ Kf8 39.Qd6+  1-0

[Event "Paris-ch"]
[Site "Paris"]
[Date "1992.??.??"]
[Round "9"]
[White "Harlin, Henri"]
[Black "Praud, Jean Luc"]
[Result "0-1"]
[WhiteElo "2290"]
[BlackElo "2230"]

1.e4 e6 2.d4 d5 3.Nd2 Be7 4.Bd3 Nc6 5.Ngf3 dxe4 6.Nxe4 Nf6 7.c3 O-O 8.Qe2 Nxe4
9.Qxe4 g6 10.h4 Re8 11.Bf4 e5 12.Nxe5 Nxe5 13.Bxe5 f6 14.h5 Bf5 15.Qe3 fxe5
16.Bxf5  0-1

[Event "Reggio Emilia9192-B"]
[Site "Reggio Emilia"]
[Date "1992.??.??"]
[Round "4"]
[White "Kapengut, Albert Z"]
[Black "Landenbergue, Claude"]
[Result "1-0"]
[WhiteElo "2450"]
[BlackElo "2415"]

1.e4 e6 2.d4 d5 3.Nd2 Nc6 4.Ngf3 Nf6 5.e5 Nd7 6.Be2 f6 7.exf6 Qxf6 8.Nf1 Bd6
9.Ne3 O-O 10.O-O Qf7 11.c4 Nf6 12.g3 b6 13.Ng5 Qg6 14.Bd3 Qe8 15.cxd5 exd5
16.Nf5 Bxf5 17.Bxf5 Ne7 18.Bh3 Qg6 19.Ne6 Rfe8 20.Nf4 Bxf4 21.Bxf4 c6 22.Rc1 Ne4
23.Re1 Qf6 24.f3 Ng5 25.Bxg5 Qxg5 26.Re5 Qf6 27.Qe2 Qh6 28.Be6+ Kh8 29.f4 Ng6
30.Re3 Nf8 31.Rxc6 Qf6 32.Bd7 Rxe3 33.Qxe3 Qf7 34.Rc8 Rxc8 35.Bxc8 Nd7 36.Bxd7 Qxd7
37.f5 Qc6 38.g4 h6 39.Kf2 Qc7 40.Qe5 Qd8 41.Kg3 Qg5 42.Qe1 Kh7 43.h4 Qd8
44.Qe5 Kh8 45.Kh3 Kg8 46.Qe6+ Kh8 47.a3 b5 48.Qe3 Qc8 49.Qf3 Qc4 50.f6 gxf6
51.Qxf6+ Kh7 52.h5 Qd3+ 53.Kh4 Qd2 54.Qe7+ Kg8 55.Qd8+ Kg7 56.Qc7+ Kg8 57.Qb8+ Kg7
58.Qxa7+ Kf6 59.Qb6+ Kf7 60.Qc7+ Kg8 61.Qd8+ Kg7 62.Qe7+ Kg8 63.Qe6+ Kh7
64.Qf5+ Kg7 65.Qe5+ Kf8 66.g5 hxg5+ 67.Kg4 Qg2+ 68.Kf5 g4 69.Qh8+ Ke7 70.Qg8 Kd6
71.Qxg4 Qxb2 72.Qg6+ Kc7 73.Qf7+ Kb6 74.Qxd5 Qxa3 75.Qc5+  1-0

[Event "San Luis op"]
[Site "San Luis"]
[Date "1992.??.??"]
[Round "6"]
[White "Spangenberg, Hugo"]
[Black "Giaccio, Alfredo"]
[Result "1/2-1/2"]
[WhiteElo "2305"]
[BlackElo "2370"]

1.e4 e6 2.d4 d5 3.Nd2 a6 4.Ngf3 c5 5.exd5 exd5 6.dxc5 Bxc5 7.Nb3 Bb6 8.Be2 Nf6
9.O-O Nc6 10.c3 O-O 11.Bg5 Re8 12.Nfd4 Nxd4 13.Nxd4 Bxd4 14.cxd4 Qb6 15.Bxf6 Qxf6
16.Bf3 Be6 17.Qd2 Rac8 18.Rac1 g6 19.Qb4 Qf4 20.Rxc8 Rxc8 21.Qxb7 Rb8 22.Qxa6 Rxb2
23.Rd1 Rd2 24.Qa4 Bg4 25.h3 Bxf3 26.Rxd2 Qxd2 27.gxf3 Qc1+ 28.Kg2 Qg5+ 29.Kf1 Qc1+
30.Ke2 Qb2+ 31.Kd3 Qb1+ 32.Qc2 Qf1+ 33.Qe2 Qb1+ 34.Ke3 Qc1+ 35.Qd2 Qa3+ 36.Ke2 Qa6+
37.Ke1 Qa3 38.Kf1 Qxf3 39.Qe3 Qd1+ 40.Kg2 Qa4 41.a3 h5 42.Qe5 Qxa3 43.Qxd5 Qe7
44.Kg3 Qa3+ 45.Kg2 Qe7 46.Kf3 Qa3+ 47.Kg2  1/2-1/2

[Event "Sevilla Expo92"]
[Site "Sevilla"]
[Date "1992.??.??"]
[Round "4"]
[White "Zapata, Alonso"]
[Black "Rivas Pastor, Manuel"]
[Result "1/2-1/2"]
[WhiteElo "2515"]
[BlackElo "2520"]

1.e4 e6 2.d4 d5 3.Nd2 Be7 4.Ngf3 Nf6 5.Bd3 b6 6.c3 c5 7.dxc5 bxc5 8.O-O O-O
9.Qe2 Nc6 10.Re1 Re8 11.a3 a5 12.c4 Bf8 13.e5 Nd7 14.Nf1 Nd4 15.Qe3 Nxf3+
16.Qxf3 Bb7 17.Bf4 Rb8 18.Qh3 g6 19.Rad1 Bg7 20.Bc2 Qc7 21.Ba4 d4 22.Nd2 Rec8
23.Qg3 Nb6 24.Bc2 a4 25.h4 Bc6 26.h5 Nd7 27.Rb1 Rb6 28.hxg6 hxg6 29.Ne4 Bxe4
30.Rxe4 Rcb8 31.Bxa4 Rxb2 32.Rbe1 Nb6 33.Bb5 Rc2 34.Rc1 Rxc1+ 35.Bxc1 Ra8
36.Re1 Ra7 37.f4 Na4 38.Qf3 Nc3 39.Bc6 Qb6 40.Be4 Nxe4 41.Qxe4 Qb3 42.f5 exf5
43.Qd5 Bf8 44.e6 Qb7 45.Qd8 fxe6 46.Rxe6 Qf7 47.Rf6 Qe7 48.Qd5+ Kh7 49.Bg5 Bh6
50.Rxf5 Bxg5 51.Rxg5 Rxa3 52.Qe5 Ra1+ 53.Kh2 Qxe5+ 54.Rxe5 Ra5 55.Kg3 Kg7
56.Kf4 Kf6 57.g4 Kf7 58.Ke4 Kf8 59.g5 Kf7 60.Kf4 Kf8  1/2-1/2

[Event "Alekhine op"]
[Site "Smolensk"]
[Date "1992.??.??"]
[Round "1"]
[White "Cherniaev, Alexander"]
[Black "Shliahtin, IE."]
[Result "0-1"]
[WhiteElo "2415"]
[BlackElo "2290"]

1.e4 e6 2.d4 d5 3.Nd2 Nc6 4.c3 e5 5.dxe5 Nxe5 6.Ngf3 Nxf3+ 7.Qxf3 Nf6 8.Bd3 Bd6
9.h3 O-O 10.O-O Qe7 11.Re1 Qe5 12.Nf1 Re8 13.Ng3 Bd7 14.Bd2 dxe4 15.Bxe4 Nxe4
16.Rxe4 Qb5 17.b3 Bc6 18.Rxe8+ Rxe8 19.Qg4 Qd5 20.Nh5 Qe5 21.f4 Bc5+ 22.Kh2 f5
23.Qg5 Qe7 24.Qxf5 g6 25.Qg4 Kf7 26.Ng3 h5 27.Qd1 h4 28.Nf5 Qe2  0-1

[Event "St Petersburg"]
[Site "St Petersburg"]
[Date "1992.??.??"]
[Round "?"]
[White "Tseitlin, Mark D"]
[Black "Naumkin, Igor"]
[Result "1-0"]
[WhiteElo "2440"]
[BlackElo "2460"]

1.e4 e6 2.d4 d5 3.Nd2 Nc6 4.Ngf3 Nf6 5.e5 Nd7 6.Bb5 Be7 7.O-O a6 8.Bxc6 bxc6
9.Nb3 c5 10.Na5 Nb8 11.Be3 cxd4 12.Nxd4 O-O 13.b4 Bxb4 14.Nac6 Nxc6 15.Nxc6 Qh4
16.Rb1 a5 17.Nxb4 axb4 18.Bc5 Rd8 19.Rxb4 d4 20.Qf3 Rxa2 21.Qc6 Rxc2 22.g3 Qg5
23.Rxd4 Rf8 24.Qxc7 Ba6 25.h4 Rxc5 26.Qxc5 Qf5 27.Rfd1 h6 28.Qxf8+  1-0

[Event "Stockholm"]
[Site "Stockholm"]
[Date "1992.??.??"]
[Round "?"]
[White "Hjelm, Niclas"]
[Black "Backelin, Rikard"]
[Result "1/2-1/2"]
[WhiteElo "2305"]
[BlackElo "2275"]

1.e4 e6 2.d4 d5 3.Nd2 a6 4.Ngf3 c5 5.exd5 exd5 6.dxc5 Bxc5 7.Nb3 Be7 8.Be2 Nf6
9.O-O O-O 10.Nfd4 Nc6 11.Bf4 Ne4 12.c3 Bf6 13.Bf3 Ne5 14.Re1 Nxf3+ 15.Qxf3 Bd7
16.Rad1 Qc8 17.Qd3 Rd8 18.f3 Nc5 19.Nxc5 Qxc5 20.Be3 Qc4 21.a3 Re8 22.Qd2 Rad8
23.Bg5 Bxd4+  1/2-1/2

[Event "Stockholm op2"]
[Site "Stockholm"]
[Date "1992.??.??"]
[Round "?"]
[White "Lyrberg, Patrik"]
[Black "Backelin, Rikard"]
[Result "0-1"]
[WhiteElo "2425"]
[BlackElo "2275"]

1.e4 e6 2.d4 d5 3.Nd2 a6 4.Ngf3 c5 5.exd5 exd5 6.dxc5 Bxc5 7.Nb3 Be7 8.Bd3 Nf6
9.O-O Bg4 10.Re1 Nc6 11.c3 O-O 12.Bg5 Re8 13.Bc2 Qd6 14.Qd3 Ne4 15.Bxe7 Rxe7
16.Nbd2 Nf6 17.Rxe7 Nxe7 18.Nd4 Ng6 19.Re1 Qf4 20.N2f3 Kf8 21.Qe3 Qc7 22.Ng5 Rd8
23.Qg3 Qxg3 24.hxg3 Re8 25.Rxe8+ Kxe8 26.Nf5 Bxf5 27.Bxf5 b6 28.Kf1 Ne5 29.Ke2 Ke7
30.Nf3 Nc4 31.b3 Nd6 32.Bd3 a5 33.Nd2 Nd7 34.Bc2 h6 35.f3 Ke6 36.Bd3 Ne5
37.Nf1 Nxd3 38.Kxd3 Nf5 39.g4 Nh4 40.Ne3 Ng6 41.g3 Ne5+ 42.Ke2 g6 43.f4 Nd7
44.Nc2 Nc5 45.Nd4+ Kf6 46.Ke3  0-1

[Event "Suhr op"]
[Site "Suhr"]
[Date "1992.??.??"]
[Round "7"]
[White "Brunner, Lucas"]
[Black "Ambroz, Jan"]
[Result "1-0"]
[WhiteElo "2500"]
[BlackElo "2415"]

1.e4 e6 2.d4 d5 3.Nd2 Be7 4.Ngf3 Nf6 5.Bd3 c5 6.exd5 exd5 7.dxc5 O-O 8.Nb3 Bg4
9.h3 Bxf3 10.Qxf3 Nbd7 11.O-O Rc8 12.Bf5 Rc6 13.Bxd7 Nxd7 14.Qxd5 Nxc5 15.Qxd8 Rxd8
16.Nxc5 Bxc5 17.Bf4 Rd4 18.Be3 Rb4 19.Rad1 h6 20.Bc1 Rf6 21.Rde1 a5 22.b3 Rbb6
23.Bd2 a4 24.Ba5 Ra6 25.Bd8 Rfc6 26.Re2 Ra8 27.Rd1 axb3 28.cxb3 Rcc8 29.Bh4 b5
30.g4 Ra7 31.Rd8+ Rxd8 32.Bxd8 Rd7 33.Bh4 Rd1+ 34.Kg2 Bd6 35.Re8+ Kh7 36.Rd8 Rd2
37.Bg3  1-0

[Event "Tilburg rapid"]
[Site "Tilburg"]
[Date "1992.??.??"]
[Round "3"]
[White "Wolff, Patrick G"]
[Black "Lputian, Smbat G"]
[Result "1/2-1/2"]
[WhiteElo "2590"]
[BlackElo "2585"]

1.e4 e6 2.d4 d5 3.Nd2 Be7 4.Bd3 c5 5.dxc5 Nd7 6.exd5 exd5 7.Ngf3 Nxc5 8.Nb3 Nxd3+
9.Qxd3 Nf6 10.O-O O-O 11.Bf4 Re8 12.Rfe1 Bd7 13.Nfd4 Qb6 14.Nf5 Bxf5 15.Qxf5 a5
16.a4 Bf8 17.Be3 Qe6 18.Qxe6 Rxe6 19.Bd4 Ne4 20.Red1 Rc6 21.c3 Nd6 22.Nc1 Nf5
23.Ne2 Rd8 24.Rd2 f6 25.Kf1 Kf7 26.Rad1 Bd6 27.Be3 Ne7 28.h3 Be5 29.f4 Bd6
30.g4 Rc4 31.Bb6 Ra8 32.Rd3 Rxa4 33.Rd4 Rxd4 34.Bxd4 b5 35.Be3 b4 36.Nd4 bxc3
37.Nb5 Bb4 38.bxc3 Rb8 39.cxb4 Rxb5 40.bxa5 Rxa5 41.Rc1 Ra6 42.Rc7 Rc6 43.Rb7 h5
44.Kf2 hxg4 45.hxg4 g6 46.Bd2 Ke6 47.Ke3 Rc4 48.Kd3 Nc6 49.Rg7 Ne7 50.Be3 Rc8
51.Rh7 Nc6 52.Rg7 d4 53.Bd2 g5 54.fxg5 Ne5+ 55.Kxd4 Rc4+ 56.Ke3 Nxg4+ 57.Ke2  1/2-1/2

[Event "Tilburg rapid"]
[Site "Tilburg"]
[Date "1992.??.??"]
[Round "4"]
[White "Akopian, Vladimir"]
[Black "Dreev, Alexey"]
[Result "0-1"]
[WhiteElo "2600"]
[BlackElo "2590"]

1.e4 e6 2.d4 d5 3.Nd2 a6 4.Ngf3 c5 5.exd5 exd5 6.Be2 Nf6 7.O-O Be7 8.dxc5 Bxc5
9.Nb3 Bb6 10.Bg5 O-O 11.c3 Re8 12.Nfd4 h6 13.Bh4 Nc6 14.Re1 Qd6 15.Bf3 Rxe1+
16.Qxe1 Ne5 17.Bxf6 Nxf3+ 18.Nxf3 Qxf6 19.Qe8+ Kh7 20.Nbd4 Qg6 21.g3 f6 22.Re1 Qxe8
23.Rxe8 Rb8 24.Nf5 Ba7 25.Ne3 b5 26.Nd4 b4 27.Nc6 bxc3 28.b3 Bxe3 29.Rxe3 Bf5
30.Nd4 Rc8 31.Re1 Bd3 32.Rc1 c2 33.f3 g5 34.Kf2 Re8 35.b4 f5 36.a4 f4 37.gxf4 gxf4
38.b5 axb5 39.axb5 Kg6 40.b6 Rb8 41.Nxc2 Rxb6 42.Nd4 Bc4 43.Re1 Kf6 44.h4 Rb2+
45.Kg1 Rd2 46.Ne6 Kf5 47.Ng7+ Kg6 48.Ne6 Kh5 49.Nxf4+ Kxh4 50.Re6 Kg3 51.Nh5+ Kxf3
52.Rxh6 d4 53.Rf6+ Kg4 54.Ng7 Rd1+ 55.Kg2 d3 56.Nf5 Kg5 57.Ne3 Re1 58.Rf3 d2
59.Rf2 Be2 60.Kg3 Kg6 61.Kf4 Kf6 62.Ke4+ Ke6 63.Kd4 d1=Q+ 64.Nxd1 Rxd1+ 65.Ke3  0-1

[Event "Tilburg rapid15"]
[Site "Tilburg"]
[Date "1992.??.??"]
[Round "7"]
[White "Wolff, Patrick G"]
[Black "Lputian, Smbat G"]
[Result "0-1"]
[WhiteElo "2590"]
[BlackElo "2585"]

1.e4 e6 2.d4 d5 3.Nd2 Be7 4.Bd3 c5 5.dxc5 Nd7 6.b4 a5 7.Bb2 Bf6 8.Bxf6 Qxf6
9.Ngf3 axb4 10.exd5 exd5 11.O-O Ne7 12.Nb3 O-O 13.Qd2 Qc3 14.Qg5 Nf6 15.Rae1 Nc6
16.Qf4 Rxa2 17.Re3 Qb2 18.Rfe1 Ne4 19.h4 Qf6 20.Qc7 Qd8 21.Qxd8 Rxd8 22.Ng5 f5
23.f3 Nf6 24.Ne6 Bxe6 25.Rxe6 f4 26.Rd6 Raa8 27.Rxd8+ Rxd8 28.Kf2 Kf7 29.Bb5 Rc8
30.Bd3 g6 31.Bb5 Rc7 32.Ra1 Nd8 33.Ra4 Ne6 34.Rxb4 Nxc5 35.Nxc5 Rxc5 36.Bd3 Rc7
37.Rxf4 Ke6 38.g4 Nd7 39.g5 Ne5 40.Rf6+ Ke7 41.Rb6 Nd7 42.Rb5 Nc5 43.Be2 Kd6
44.Ke3 Re7+ 45.Kd2 Rf7 46.Rb6+ Ke5 47.Rb5 Kd6 48.Rb6+ Kc7 49.Rb4 Ne6 50.Rg4 Nf4
51.Ke3 d4+ 52.Kd2 Kd6 53.Bc4 Rf8 54.Rg1 Kc5 55.Ba2 Nd5 56.Bxd5 Kxd5 57.Rb1 Rf7
58.Rb6 Kc5 59.Rb3 b5 60.Ke2 Kc4 61.Kf2 b4 62.Kg3 Re7 63.Kf2 Ra7 64.f4 Ra2
65.Kg3 Rxc2 66.Rf3 b3 67.f5 gxf5 68.h5 b2 69.Rf1 Rc1 70.Rxf5 b1=Q 71.g6 Qxf5
72.gxh7 Rg1+ 73.Kh2 Qf2+ 74.Kh3 Qg3+  0-1

[Event "Tomo Zupan op"]
[Site "Tomo Zupan"]
[Date "1992.??.??"]
[Round "?"]
[White "Planinsek, Bojan"]
[Black "Markun, Bostjan"]
[Result "0-1"]
[WhiteElo "1850"]
[BlackElo "2150"]

1.e4 e6 2.d4 d5 3.Nd2 Nc6 4.exd5 exd5 5.Ngf3 Bg4 6.Nb3 Bd6 7.Be2 Qd7 8.Bg5 f6
9.Bh4 Nge7 10.Qd2 Qf5 11.c3 Ng6 12.Bg3 O-O-O 13.O-O-O Bf4 14.Bxf4 Nxf4 15.h3 Nxe2+
16.Qxe2 Bxf3 17.Qxf3 Qxf3 18.gxf3 Rde8 19.Rde1 b6 20.Kd2 Kd7 21.Re3 Re7 22.Rg1 Rhe8
23.Kd3 Nd8 24.Nc1 Ne6 25.Ne2 g5 26.Rg4 f5 27.Rg1 f4 28.Re5 Nc5+ 29.Kd2 Rxe5
30.dxe5 Rxe5 31.h4 h6 32.hxg5 hxg5 33.Rh1 Re7 34.Nd4 Ne6 35.Nxe6 Kxe6 36.Rh6+ Kf5
37.Rh8 Rd7 38.Rf8+ Ke6 39.Rg8 Rh7 40.Rxg5 Rh2 41.Ke2 Rh1 42.Kd2 Rb1 43.Kc2 Rf1
44.Rg2 c5 45.Kd3 b5 46.Rh2 Kd6 47.Rh6+ Kc7 48.Rh2 c4+ 49.Kc2 a5 50.b3 Kd6
51.a3 cxb3+ 52.Kxb3 Kc5 53.Rg2 a4+ 54.Kc2 Kc4 55.Rh2 Ra1 56.Kb2 Re1 57.Rh4 Re2+
58.Kb1 Kb3 59.Kc1 Kxc3 60.Kd1 Rd2+ 61.Ke1 Rd4  0-1

[Event "Tomo Zupan op"]
[Site "Tomo Zupan"]
[Date "1992.??.??"]
[Round "?"]
[White "Rogelj, T."]
[Black "Soln, Primoz"]
[Result "0-1"]
[WhiteElo "2000"]
[BlackElo "2150"]

1.e4 e6 2.d4 d5 3.Nd2 Nc6 4.Ngf3 Nf6 5.e5 Nd7 6.Nb3 a5 7.a4 f6 8.Bf4 Be7
9.Bd3 O-O 10.Qe2 Nb4 11.O-O b6 12.Rfe1 fxe5 13.Bxe5 c5 14.Bb5 c4 15.Nc1 Nf6
16.c3 Na6 17.Ng5 h6 18.Nh3 Nc7 19.Bc6 Ra7 20.Nf4 Ne4 21.f3 Nd6 22.Ng6 Rf5
23.Qc2 Bf6 24.Ne2 Nf7 25.Bg3 Bg5 26.Nef4 Qf6 27.Bb5 Bxf4 28.Nxf4 Rxf4 29.Bxf4 Qxf4
30.Re2 Nxb5 31.axb5 Nd6 32.Qg6 Qf7 33.Qg3 Nxb5 34.Qh4 Qe7 35.Qh5 Nd6 36.Rae1 Qf6
37.Re5 Rf7 38.Kf2 Nf5 39.Qg4 Bd7 40.Rb1 Qe7 41.Rbe1 Qd6 42.Qg6 Rf6 43.Qg4 b5
44.Qf4 b4 45.Ra1 a4 46.g3 Qf8 47.Qd2 Nd6 48.Qe2 bxc3 49.bxc3 Ne4+  0-1

[Event "Villa Ballester op"]
[Site "Villa Ballester"]
[Date "1992.??.??"]
[Round "8"]
[White "Escandell, Juan Carlos"]
[Black "Giaccio, Alfredo"]
[Result "1-0"]
[WhiteElo "2310"]
[BlackElo "2370"]

1.e4 e6 2.d4 d5 3.Nd2 a6 4.Ngf3 c5 5.exd5 exd5 6.Be2 c4 7.O-O Bd6 8.b3 b5
9.Re1 Ne7 10.bxc4 bxc4 11.Nf1 Nbc6 12.Bg5 f6 13.Bh4 Bb4 14.N3d2 O-O 15.Bf3 Nxd4
16.Rb1 Bxd2 17.Nxd2 Bf5 18.Rc1 Rc8 19.c3 Ndc6 20.Bg3 Qd7 21.Qa4 Rfd8 22.Qa3 Ng6
23.Be2 Nge5 24.Nf3 Be4 25.Nxe5 Nxe5 26.h3 Rc6 27.Rcd1 Qf7 28.Qa4 Rdc8 29.Bxe5 Qg6
30.Bg3 Bc2 31.Qa5 Rc5 32.Qxa6 Bxd1 33.Rxd1 Qe8 34.Bf3 Rd8 35.a4 Kh8 36.Bf4 Rcc8
37.Qb5 Qe7 38.Be3 Rb8 39.Bb6 Qa3 40.Qc5 Qxc5 41.Bxc5 Rb3 42.a5 Rxc3 43.a6 Rc2
44.a7 Ra2 45.Rxd5 Ra1+ 46.Kh2 Rc8 47.Rd1 Ra4 48.a8=Q Rcxa8 49.Bxa8 Rxa8 50.Rd4 h6
51.Rxc4 Rc8 52.Rc1 Rc7 53.Be3 Rb7 54.Rc5 Kh7 55.h4 Rd7 56.Kg3 Kg6 57.h5+ Kh7
58.Ra5 Rb7 59.Kg4 Rd7 60.Kf5 Rb7  1-0

[Event "Werfen blitz"]
[Site "Werfen"]
[Date "1992.??.??"]
[Round "8"]
[White "Podlesnik, Bogdan"]
[Black "Lempert, Igor"]
[Result "1/2-1/2"]
[WhiteElo "2375"]
[BlackElo "2430"]

1.e4 e6 2.d4 d5 3.Nd2 Be7 4.Bd3 c5 5.dxc5 Nd7 6.exd5 exd5 7.Nb3 Nxc5 8.Bb5+ Bd7
9.Bxd7+ Qxd7 10.Nxc5 Bxc5 11.Nf3  1/2-1/2

[Event "Ibercaja op"]
[Site "Zaragoza"]
[Date "1992.??.??"]
[Round "?"]
[White "Oll, Lembit"]
[Black "Topalov, Veselin"]
[Result "1/2-1/2"]
[WhiteElo "2600"]
[BlackElo "2460"]

1.e4 e6 2.d4 d5 3.Nd2 a6 4.e5 Bd7 5.Ne2 c5 6.Nf3 Bb5 7.c3 Nc6 8.Be3 cxd4
9.Nexd4 Bxf1 10.Kxf1 Nge7 11.g3 Nxd4 12.cxd4 Nc6 13.Kg2 Be7 14.Re1 Qb6 15.Re2 Rc8
16.Rc1 O-O 17.h4 h6 18.h5 Qb5 19.Rec2 Na7 20.Nh2 Rxc2 21.Rxc2 Rc8 22.Rxc8+ Nxc8
23.b3 Na7 24.Ng4 Nc6 25.Qd2 Qb4 26.Qc1 Qa3 27.Qc2 Qb4 28.Qc1 Qa3 29.Qc2 Qb4  1/2-1/2

[Event "Amantea op"]
[Site "Amantea"]
[Date "1993.??.??"]
[Round "?"]
[White "Smagin, Sergey"]
[Black "Naumkin, Igor"]
[Result "1-0"]
[WhiteElo "2520"]
[BlackElo "2460"]

1.e4 e6 2.d4 d5 3.Nd2 Nc6 4.Ngf3 Nf6 5.e5 Nd7 6.Be2 f6 7.exf6 Qxf6 8.Nf1 Bd6
9.Ne3 b6 10.c3 Bb7 11.Qa4 a6 12.Qc2 h6 13.Bd3 O-O-O 14.Qe2 a5 15.Bd2 g5 16.h4 Qg7
17.hxg5 hxg5 18.O-O-O g4 19.Nh4 g3 20.fxg3 Ne7 21.g4 Bg3 22.Nf3 Ng6 23.Bxg6 Qxg6
24.Rh3 Bf4 25.Rdh1 Rhg8 26.g5 e5 27.Rh6 Qf7 28.dxe5 Bxe5 29.Nxe5 Nxe5 30.Ng4 Nc4
31.Nf6 d4 32.Rh7 dxc3 33.Rxf7 cxd2+ 34.Kc2 Rxg5 35.Qxc4  1-0

[Event "AUT-ch"]
[Site "?"]
[Date "1993.??.??"]
[Round "14"]
[White "Schumi, Manfred"]
[Black "Weinzettl, Ernst"]
[Result "0-1"]
[WhiteElo "2255"]
[BlackElo "2330"]

1.e4 e6 2.d4 d5 3.Nd2 a6 4.Ngf3 c5 5.dxc5 Bxc5 6.Bd3 Nc6 7.O-O Nf6 8.e5 Nd7
9.Nb3 Be7 10.Re1 O-O 11.c3 f6 12.exf6 Bxf6 13.Nbd4 Nc5 14.Bc2 Qd6 15.Qe2 Bd7
16.Ng5 h6 17.Nxc6 Bxc6 18.Nh7 e5 19.Nxf8 Rxf8 20.Be3 d4 21.Qd1 Qd5 22.Qg4 dxe3
23.Rxe3 Qd2 24.Bf5 Bd7 25.Qc4+ Kh8 26.Qxc5 Rc8 27.Qb4 Bxf5 28.Rae1 Qd5 29.Rf3 e4
30.Rfe3 Bg5 31.R3e2 Rd8 32.c4 Qd3 33.Qa5 Bg6 34.Qb6 Rd6  0-1